Tienen las Américas una historia común? : una crítica de la teoría de Bolton.

Bibliographic Details
Other Authors: Hanke, Lewis Compilador
Format: Libro
Language:English
Published: México Diana 1966
Subjects:

MARC

LEADER 00000cam a2200000 a 4500
001 023389
003 UAHC_CL
005 20170803122237.0
008 020814b xx j 000 1 eng
040 |a UAHC_CL  |c UAHC_CL  |d UAHC_CL 
245 1 0 |a Tienen las Américas una historia común? : una crítica de la teoría de Bolton. 
260 |b Diana  |a México  |c 1966 
300 |a 284 p. 
650 4 |a HISTORIA  |z AMERICA 
700 1 |a Hanke, Lewis  |c Compilador 
900 |a 980 TIE 
942 |c BK 
952 |0 0  |1 0  |4 0  |6 980_000000000000000_TIE  |7 0  |8 General  |9 46694  |a BC  |b BC  |c General  |d 2017-08-03  |l 0  |o 980 TIE  |p 1311229  |r 2026-01-13 00:00:00  |t 1  |w 2017-08-03  |y BK 
952 |0 0  |1 0  |4 0  |6 980_000000000000000_TIE  |7 0  |8 General  |9 46695  |a BC  |b BC  |c General  |d 2017-08-03  |l 0  |o 980 TIE  |p 1311230  |r 2026-01-13 00:00:00  |t 2  |w 2017-08-03  |y BK 
999 |c 23389  |d 23389